LIBRARY & INFORMATION CENTRE, KCAET, TAVANUR

ONLINE PUBLIC ACCESS CATALOGUE (OPAC)

Mushrooms: Edible and Medicinal- Cultivation, Conservation, Strain Improvvvvement with their Marketing (Record no. 14659)

MARC details
000 -LEADER
fixed length control field 00466nam a22001457a 4500
020 ## - INTERNATIONAL STANDARD BOOK NUMBER
ISBN 9788170358022
082 ## - DEWEY DECIMAL CLASSIFICATION NUMBER
Classification number 635.8
Item number VER/MU
100 ## - MAIN ENTRY--AUTHOR NAME
Personal name Verma B.N.
100 ## - MAIN ENTRY--AUTHOR NAME
Personal name Prasad,Prem Kumar
100 ## - MAIN ENTRY--AUTHOR NAME
Personal name Sahu K.K.
245 ## - TITLE STATEMENT
Title Mushrooms: Edible and Medicinal- Cultivation, Conservation, Strain Improvvvvement with their Marketing
260 ## - PUBLICATION, DISTRIBUTION, ETC. (IMPRINT)
Place of publication New Delhi
Name of publisher Daya Publishing House- Astral International Pvt. Ltd.
Year of publication 2013
300 ## - PHYSICAL DESCRIPTION
Number of Pages 431
942 ## - ADDED ENTRY ELEMENTS (KOHA)
Koha item type Books
Holdings
Withdrawn status Lost status Damaged status Collection code Home library Current library Shelving location Date acquired Source of acquisition Cost, normal purchase price Full call number Accession Number Koha item type
        KAUAET KAUAET General Stacks 23/07/2016 Ganesh Book Centre Trivandrum. 2200.00 635.8 VER/MU 24598 Books
free website counter